Values in the Marketplace <The> American Stock Market Under Federal Securities Law
Guardado en:
| Autor principal: | |
|---|---|
| Formato: | Libro |
| Lenguaje: | inglés |
| Publicado: |
Berlin
Gruyter
1988
|
| Edición: | 1. ed. |
| Etiquetas: |
Sin Etiquetas, Sea el primero en etiquetar este registro!
|
MARC
| LEADER | 00000nam a2200000 4500 | ||
|---|---|---|---|
| 001 | c034656 | ||
| 005 | 20221219120809.6 | ||
| 041 | 0 | |a eng | |
| 044 | |a DE | ||
| 245 | 1 | 0 | |a Values in the Marketplace |b <The> American Stock Market Under Federal Securities Law |c James Burk |
| 250 | |a 1. ed. | ||
| 264 | 1 | |a Berlin |b Gruyter |c 1988 | |
| 300 | |a 207 s. | ||
| 100 | 1 | |a Burk, James | |